[Event "BL 2223 (Women)"]
[White "Ricken, Katharina"]
[Black "Nguyen, Ha Thanh"]
[Site "Germany"]
[Round "5.1"]
[Result "1/2-1/2"]
[Date "2023.02.18"]
[WhiteElo "2160"]
[BlackElo "1967"]
[PlyCount "60"]
[EventDate "2022.10.15"]
[EventType "team-tourn"]
[EventRounds "11"]
[EventCountry "GER"]
[SourceTitle "CBM 213 Extra"]
[Source "ChessBase"]
[SourceDate "2023.05.31"]
[SourceVersion "1"]
[SourceVersionDate "2023.05.31"]
[SourceQuality "1"]
[WhiteTeam "Bayern Muenchen (W)"]
[BlackTeam "Erfurt Medizin (W)"]
[WhiteTeamCountry "GER"]
[BlackTeamCountry "GER"]

1. Nf3 Nf6 2. g3 g6 3. b3 Bg7 4. Bb2 d5 5. c4 c6 6. Bg2 0-0 7. 0-0 Re8 8. Qc2 b6 9. d3 Bb7 10. Nbd2 Nbd7 11. Ne5 Nxe5 12. Bxe5 Nh5 13. Bxg7 Nxg7 14. cxd5 cxd5 15. Rac1 Rc8 16. Qb2 Qd7 17. Nf3 Nh5 18. Ng5 Rxc1 19. Rxc1 e5 20. Bh3 Qe7 21. Nf3 e4 22. Nd4 exd3 23. e3 Nf6 24. Rd1 Ba6 25. b4 Bc4 26. Bf1 Ne4 27. Bxd3 Bxd3 28. Rxd3 Rc8 29. b5 Rc5 30. Nc6 Qd7 1/2-1/2

[Event "Oberliga Ost-B 2122"]
[White "Nguyen, Ha Thanh"]
[Black "Glaessl, Matthias"]
[Site "Germany"]
[Round "3.6"]
[Result "0-1"]
[Date "2022.05.01"]
[WhiteElo "1952"]
[BlackElo "2164"]
[PlyCount "122"]
[EventDate "2021.10.10"]
[EventType "team-tourn"]
[EventRounds "11"]
[EventCountry "GER"]
[SourceTitle "EXT 2023"]
[Source "ChessBase"]
[SourceDate "2022.10.05"]
[SourceVersion "1"]
[SourceVersionDate "2022.10.05"]
[SourceQuality "1"]
[WhiteTeam "Erfurt Medizin"]
[BlackTeam "Gera"]
[WhiteTeamCountry "GER"]
[BlackTeamCountry "GER"]

1. e4 c5 2. Nf3 Nc6 3. d4 cxd4 4. Nxd4 Nf6 5. Nc3 g6 6. Be3 Bg7 7. Bc4 0-0 8. Bb3 a5 9. a4 Ng4 10. Qxg4 Nxd4 11. Qd1 Nxb3 12. cxb3 d6 13. 0-0 Bd7 14. Qe2 Bc6 15. f3 Qd7 16. Rfd1 Rfc8 17. Rac1 Qe6 18. Nd5 Bxd5 19. Rxd5 Qf6 20. Rxc8+ Rxc8 21. Qd2 Qxb2 22. Qxb2 Bxb2 23. Rxa5 Kf8 24. Rb5 Ke8 25. Rxb7 Rc3 26. Bf4 Rc2 27. h3 Bd4+ 28. Kh2 f6 29. h4 Ra2 30. Rc7 Bc5 31. e5 fxe5 32. Bxe5 Kd8 33. Rxc5 dxc5 34. Bf4 Kd7 35. Kh3 c4 36. bxc4 Rxa4 37. Kg4 Rxc4 38. Kg5 Rc5+ 39. Kg4 h5+ 40. Kg3 Ke6 41. Bh6 Kf5 42. Bf8 Re5 43. Bh6 Re2 44. Bg5 e5 45. Bh6 e4 46. fxe4+ Rxe4 47. Kh3 Rb4 48. g3 Ke4 49. Bf4 Kf3 50. Be5 Rb1 51. Kh2 Kg4 52. Kg2 Re1 53. Bd6 Re2+ 54. Kf1 Kf3 55. Kg1 Rg2+ 56. Kh1 Rxg3 57. Kh2 Rg2+ 58. Kh3 Rg1 59. Kh2 Rd1 60. Be7 Kg4 61. Bg5 Rd3 0-1

[Event "Oberliga Ost-B 2122"]
[White "Nguyen, Ha Thanh"]
[Black "Minor, Samuel"]
[Site "Germany"]
[Round "11.6"]
[Result "1/2-1/2"]
[Date "2022.04.03"]
[WhiteElo "1952"]
[BlackElo "2253"]
[PlyCount "41"]
[EventDate "2021.10.10"]
[EventType "team-tourn"]
[EventRounds "11"]
[EventCountry "GER"]
[SourceTitle "EXT 2023"]
[Source "ChessBase"]
[SourceDate "2022.10.05"]
[SourceVersion "1"]
[SourceVersionDate "2022.10.05"]
[SourceQuality "1"]
[WhiteTeam "Erfurt Medizin"]
[BlackTeam "Wiesbaden"]
[WhiteTeamCountry "GER"]
[BlackTeamCountry "GER"]

1. e4 c5 2. Nf3 d6 3. d4 cxd4 4. Nxd4 Nf6 5. Nc3 Nc6 6. Bg5 e6 7. Qd2 Qb6 8. 0-0-0 a6 9. f3 Be7 10. h4 Qxd4 11. Qxd4 Nxd4 12. Rxd4 Bd7 13. Be2 Bc6 14. Kb1 h6 15. Be3 d5 16. exd5 Nxd5 17. Nxd5 Bxd5 18. h5 Bc5 19. Rxd5 Bxe3 20. Rd3 Bg5 21. Rhd1 1/2-1/2

[Event "BL2 Ost 2122 (Women)"]
[White "Beltz, Franziska"]
[Black "Nguyen, Ha Thanh"]
[Site "Germany"]
[Round "5.2"]
[Result "1-0"]
[Date "2022.03.20"]
[WhiteElo "2071"]
[BlackElo "1960"]
[PlyCount "80"]
[EventDate "2021.11.27"]
[EventType "team-tourn"]
[EventRounds "7"]
[EventCountry "GER"]
[SourceTitle "EXT 2023"]
[Source "ChessBase"]
[SourceDate "2022.10.05"]
[SourceVersion "1"]
[SourceVersionDate "2022.10.05"]
[SourceQuality "1"]
[WhiteTeam "Leipzig SG (W)"]
[BlackTeam "Medizin Erfurt (W)"]
[WhiteTeamCountry "GER"]
[BlackTeamCountry "GER"]

1. e4 c5 2. Nf3 Nc6 3. d4 cxd4 4. Nxd4 Nf6 5. Nc3 e5 6. Ndb5 d6 7. Bg5 a6 8. Na3 b5 9. Nd5 Be7 10. Bxf6 Bxf6 11. c4 b4 12. Nc2 a5 13. g3 Bg5 14. Bg2 0-0 15. 0-0 Rb8 16. b3 Bh6 17. Qe2 f5 18. exf5 Bxf5 19. Be4 g6 20. Rad1 Bh3 21. Rfe1 Qc8 22. Nde3 Rf6 23. Rd3 Bxe3 24. Qxe3 Qc7 25. Red1 Rbf8 26. R1d2 Ne7 27. Ne1 Nf5 28. Bxf5 Bxf5 29. Rd5 Bd7 30. c5 Bc6 31. Rxd6 Qe7 32. Rxf6 Rxf6 33. Nd3 Re6 34. Nb2 Qf6 35. Nc4 Qf5 36. Qd3 Qh3 37. f3 e4 38. fxe4 Bxe4 39. Qd8+ Kg7 40. Rd7+ Kh6 1-0

[Event "BL2 Ost 2122 (Women)"]
[White "Bardorz, Jana"]
[Black "Nguyen, Ha Thanh"]
[Site "Germany"]
[Round "2.3"]
[Result "0-1"]
[Date "2021.11.28"]
[WhiteElo "1851"]
[BlackElo "1956"]
[PlyCount "102"]
[EventDate "2021.11.27"]
[EventType "team-tourn"]
[EventRounds "7"]
[EventCountry "GER"]
[SourceTitle "EXT 2023"]
[Source "ChessBase"]
[SourceDate "2022.10.05"]
[SourceVersion "1"]
[SourceVersionDate "2022.10.05"]
[SourceQuality "1"]
[WhiteTeam "Bavaria Regensburg (W)"]
[BlackTeam "Medizin Erfurt (W)"]
[WhiteTeamCountry "GER"]
[BlackTeamCountry "GER"]

1. e4 c5 2. Nf3 Nc6 3. d4 cxd4 4. Nxd4 Nf6 5. Nc3 e5 6. Ndb5 d6 7. Bg5 a6 8. Na3 b5 9. Nd5 Be7 10. Bxf6 Bxf6 11. c3 0-0 12. Nc2 Bg5 13. h4 Bh6 14. a4 bxa4 15. Rxa4 a5 16. Bc4 Rb8 17. b3 Kh8 18. Nce3 Bxe3 19. Nxe3 Ne7 20. h5 f5 21. Be2 Qc7 22. 0-0 fxe4 23. Rxe4 Bb7 24. Rc4 Qd8 25. Rg4 Ng8 26. c4 Nf6 27. Rg3 Ne4 28. Rg4 Nf6 29. Rg3 Ne4 30. Rg4 Nc5 31. h6 g6 32. f4 Qe7 33. f5 Be4 34. Nd5 Qa7 35. fxg6 Bxg6 36. Kh1 Ne4 37. Rxe4 Bxe4 38. Bd3 Bg6 39. Bxg6 hxg6 40. Rf6 Rxf6 41. Nxf6 Qe7 42. Nd5 Qh4+ 43. Kg1 Qxh6 44. Qf3 Rf8 45. Qc3 Qh5 46. Qxa5 Qd1+ 47. Kh2 Qxb3 48. Qc7 Qb8 49. Qe7 Qd8 50. Qe6 Kg7 51. Qg4 Rf5 0-1

[Event "GER-chT Lands U20"]
[White "Pikalow, Michael"]
[Black "Nguyen, Ha Thanh"]
[Site "Neumuenster"]
[Round "7.6"]
[Result "0-1"]
[Date "2021.10.06"]
[WhiteElo "1906"]
[BlackElo "2001"]
[PlyCount "118"]
[EventDate "2021.10.01"]
[EventType "team-swiss"]
[EventRounds "7"]
[EventCountry "GER"]
[SourceTitle "CBM 204 Extra"]
[Source "ChessBase"]
[SourceDate "2021.11.30"]
[SourceVersion "1"]
[SourceVersionDate "2021.11.30"]
[SourceQuality "1"]
[WhiteTeam "Sachsen Anhalt"]
[BlackTeam "Thueringen"]
[WhiteTeamCountry "GER"]
[BlackTeamCountry "GER"]

1. e4 c5 2. Nf3 Nc6 3. Nc3 e5 4. Bc4 Be7 5. 0-0 Nf6 6. d3 h6 7. h3 d6 8. Be3 a6 9. a4 Rb8 10. Qd2 Nd4 11. Bxd4 cxd4 12. Nd5 0-0 13. c3 dxc3 14. bxc3 Bd7 15. a5 Kh8 16. Nxf6 Bxf6 17. Qa2 Qe8 18. Rfb1 Bc6 19. Rb2 Bd8 20. Bxa6 Bc7 21. Bc4 Ra8 22. a6 bxa6 23. Bxa6 f5 24. Qc4 fxe4 25. dxe4 Rf4 26. Re1 d5 27. Qf1 dxe4 28. Nh2 Ba5 29. Re3 Rb8 30. Qb1 Rxb2 31. Qxb2 Qd8 32. Qb3 Bb6 33. Re2 Ba7 34. Nf1 Qf8 35. Qa2 Qc5 36. Qc4 Qb6 37. Qa2 Qc5 38. Qc4 Qb6 39. Ne3 Qb1+ 40. Kh2 Qb6 41. Rd2 Bb8 42. Bc8 Rf8 43. Bf5 Qc7 44. Qe6 Rf6 45. Nd5 Bxd5 46. Qe8+ Bg8 47. Rd8 Qc4 48. Bxe4 Bd6 49. Rc8 Rf8 50. Qxf8 Bxf8 51. Rxc4 Bxc4 52. Kg3 Ba3 53. f4 exf4+ 54. Kxf4 Bb2 55. h4 Bxc3 56. h5 Kg8 57. Bf3 Kf7 58. Bg4 Kf6 59. Bf3 Bd2+ 0-1

[Event "GER-chT Lands U20"]
[White "Nguyen, Ha Thanh"]
[Black "Basovskiy, Jana"]
[Site "Berlin"]
[Round "6.4"]
[Result "1-0"]
[Date "2020.10.03"]
[WhiteElo "2019"]
[BlackElo "1760"]
[PlyCount "83"]
[EventDate "2020.09.29"]
[EventType "team-swiss"]
[EventRounds "7"]
[EventCountry "GER"]
[SourceTitle "CBM 198 Extra"]
[Source "ChessBase"]
[SourceDate "2020.11.30"]
[SourceVersion "1"]
[SourceVersionDate "2020.11.30"]
[SourceQuality "1"]
[WhiteTeam "Thueringen U20"]
[BlackTeam "Baden U20"]
[WhiteTeamCountry "GER"]
[BlackTeamCountry "GER"]

1. e4 c5 2. Nf3 e6 3. d4 cxd4 4. Nxd4 Nf6 5. Bd3 Nc6 6. Nxc6 bxc6 7. Qe2 d5 8. Nd2 Be7 9. 0-0 0-0 10. b3 Qc7 11. c4 Bb7 12. e5 Nd7 13. Bb2 Rfe8 14. Rae1 a5 15. Qg4 Bb4 16. Re2 Qb6 17. Nf3 Nf8 18. Bc1 a4 19. Nh4 axb3 20. axb3 Ra1 21. h3 Rea8 22. Kh2 Be7 23. Re3 Qc7 24. Ree1 g6 25. f4 Bb4 26. Rd1 c5 27. Qg3 d4 28. f5 exf5 29. Nxf5 Ne6 30. Nh6+ Kh8 31. Nxf7+ Kg8 32. Nh6+ Kh8 33. Nf7+ Kg8 34. Nd6 Rf8 35. Rxf8+ Nxf8 36. Rf1 Bc6 37. Qf2 Qg7 38. Qe2 Qa7 39. Nf7 Ra2 40. Nh6+ Kh8 41. Rxf8+ Kg7 42. Rg8# 1-0

[Event "BL 1920 (Women)"]
[White "Nguyen, Ha Thanh"]
[Black "Shvayger, Yuliya"]
[Site "Germany"]
[Round "7.2"]
[Result "0-1"]
[Date "2020.02.15"]
[WhiteElo "2016"]
[BlackElo "2336"]
[PlyCount "98"]
[EventDate "2019.09.14"]
[EventType "team-tourn"]
[EventRounds "11"]
[EventCountry "GER"]
[SourceTitle "CBM 195 Extra"]
[Source "ChessBase"]
[SourceDate "2020.05.31"]
[SourceVersion "1"]
[SourceVersionDate "2020.05.31"]
[SourceQuality "1"]
[WhiteTeam "Erfurt Medizin (W)"]
[BlackTeam "Deizisau (W)"]
[WhiteTeamCountry "GER"]
[BlackTeamCountry "GER"]

1. e4 c5 2. Nf3 Nc6 3. d4 cxd4 4. Nxd4 e5 5. Nb5 d6 6. N1c3 a6 7. Na3 b5 8. Nd5 Nge7 9. c4 Nxd5 10. exd5 Nd4 11. cxb5 Bd7 12. Be3 axb5 13. Bxd4 exd4 14. Qxd4 Be7 15. Qd2 0-0 16. Be2 Bg5 17. f4 Bf6 18. 0-0 Ra4 19. Rfd1 Qb6+ 20. Kh1 Rd4 21. Qc2 Rxf4 22. Rf1 Rxf1+ 23. Rxf1 Be5 24. Qb3 Rb8 25. Nc2 g6 26. Nb4 Kg7 27. Nc6 Rb7 28. Bf3 Be8 29. Qc2 f6 30. b3 b4 31. Qf2 Bf7 32. Qd2 Qb5 33. Rd1 Bc3 34. Qe3 Qb6 35. Qd3 Qf2 36. Qe2 Qxe2 37. Bxe2 f5 38. Kg1 Rb6 39. Bc4 Be8 40. Nd8 Rb8 41. Ne6+ Kf6 42. Nc7 Bd7 43. Rc1 Rc8 44. Na6 Bb5 45. Kf1 Rxc4 46. bxc4 Bxc4+ 47. Kf2 Bxa6 48. Ke3 Ke5 49. a3 Bd4+ 0-1

[Event "Erfurt op-A 29th"]
[White "Nguyen, Ha Thanh"]
[Black "Reitz, Philipp"]
[Site "Erfurt"]
[Round "8"]
[Result "1/2-1/2"]
[Date "2019.12.30"]
[WhiteElo "1984"]
[BlackElo "2068"]
[PlyCount "45"]
[EventDate "2019.12.26"]
[EventType "swiss"]
[EventRounds "8"]
[EventCountry "GER"]
[SourceTitle "CBM 194 Extra"]
[Source "ChessBase"]
[SourceDate "2020.03.31"]
[SourceVersion "1"]
[SourceVersionDate "2020.03.31"]
[SourceQuality "1"]

1. e4 c5 2. Nf3 Nc6 3. d4 cxd4 4. Nxd4 g6 5. Nc3 Bg7 6. Be3 Nf6 7. Bc4 0-0 8. Bb3 d6 9. h3 Na5 10. 0-0 a6 11. Qd3 Nxb3 12. axb3 Be6 13. f4 Nd7 14. Qd2 Nf6 15. g4 Rc8 16. Qg2 Bd7 17. Rad1 b5 18. g5 Nh5 19. f5 Be5 20. Nce2 Qb6 21. Qf3 Qb7 22. c3 b4 23. Bd2 1/2-1/2

[Event "Erfurt op-A 29th"]
[White "Hornung, Hans"]
[Black "Nguyen, Ha Thanh"]
[Site "Erfurt"]
[Round "7"]
[Result "1/2-1/2"]
[Date "2019.12.29"]
[WhiteElo "2080"]
[BlackElo "1984"]
[PlyCount "52"]
[EventDate "2019.12.26"]
[EventType "swiss"]
[EventRounds "8"]
[EventCountry "GER"]
[SourceTitle "CBM 194 Extra"]
[Source "ChessBase"]
[SourceDate "2020.03.31"]
[SourceVersion "1"]
[SourceVersionDate "2020.03.31"]
[SourceQuality "1"]

1. Nf3 c5 2. c4 Nc6 3. Nc3 g6 4. e3 Nf6 5. d4 cxd4 6. exd4 d5 7. cxd5 Nxd5 8. Qb3 Nxc3 9. Bc4 Nd5 10. Bxd5 e6 11. Bxc6+ bxc6 12. 0-0 Bg7 13. Be3 0-0 14. Rfc1 Bd7 15. Rc5 Rb8 16. Qc3 Qc7 17. b4 Rfc8 18. a3 Rb5 19. Rc1 Rxc5 20. Qxc5 Qb7 21. Qc4 f6 22. Ne1 Qb5 23. Qc2 Bf8 24. Nd3 a5 25. Nc5 Bxc5 26. bxc5 Rb8 1/2-1/2

[Event "Erfurt op-A 29th"]
[White "Hillmann, Michael"]
[Black "Nguyen, Ha Thanh"]
[Site "Erfurt"]
[Round "2"]
[Result "0-1"]
[Date "2019.12.27"]
[WhiteElo "2144"]
[BlackElo "1984"]
[PlyCount "78"]
[EventDate "2019.12.26"]
[EventType "swiss"]
[EventRounds "8"]
[EventCountry "GER"]
[SourceTitle "CBM 194 Extra"]
[Source "ChessBase"]
[SourceDate "2020.03.31"]
[SourceVersion "1"]
[SourceVersionDate "2020.03.31"]
[SourceQuality "1"]

1. Nf3 Nf6 2. c4 g6 3. g3 Bg7 4. d4 d5 5. cxd5 Nxd5 6. Bg2 Nb6 7. 0-0 0-0 8. Nc3 Nc6 9. e3 Bg4 10. h3 Bd7 11. Kh2 Qc8 12. e4 Rd8 13. d5 Na5 14. Bg5 Re8 15. Rc1 e6 16. b3 Qb8 17. Qd2 Nc8 18. dxe6 Bxe6 19. Nb5 Nc6 20. Bf4 Nd6 21. Nxc7 Qxc7 22. Bxd6 Qd7 23. Bf4 Rad8 24. Qxd7 Bxd7 25. Rfd1 Bc8 26. Rxd8 Rxd8 27. Be3 a6 28. Bc5 Bh6 29. Rc2 Rd1 30. Nh4 Be6 31. f4 Nd4 32. Rf2 Bd7 33. e5 Ne6 34. Bb6 Bf8 35. Bxb7 Bb5 36. Ng2 Bb4 37. Ne3 Rc1 38. Nc4 Nc5 39. Re2 Nxb7 0-1

[Event "GER-chT Lands U20"]
[White "Nguyen, Ha Thanh"]
[Black "Fuhrmann, Bahne"]
[Site "Wuerzburg"]
[Round "4.7"]
[Result "1-0"]
[Date "2019.10.04"]
[WhiteElo "2016"]
[BlackElo "1623"]
[PlyCount "61"]
[EventDate "2019.10.01"]
[EventType "team-swiss"]
[EventRounds "7"]
[EventCountry "GER"]
[SourceTitle "EXT 2020"]
[Source "ChessBase"]
[SourceDate "2019.10.17"]
[SourceVersion "1"]
[SourceVersionDate "2019.10.17"]
[SourceQuality "1"]
[WhiteTeam "Thueringen"]
[BlackTeam "Hamburg/Schleswig Holstein"]
[WhiteTeamCountry "GER"]
[BlackTeamCountry "GER"]

1. e4 e5 2. Nf3 Nc6 3. Bc4 Bc5 4. c3 Nf6 5. d3 0-0 6. 0-0 d5 7. exd5 Nxd5 8. Nbd2 Nb6 9. Bb5 Bd6 10. Ne4 Bg4 11. h3 Bxf3 12. Qxf3 f5 13. Ng5 Qe8 14. Qd1 h6 15. Nf3 e4 16. Re1 a6 17. Bxc6 Qxc6 18. Nd4 Qd5 19. dxe4 fxe4 20. Qg4 Kh8 21. Rxe4 Nc4 22. Ne6 Rf7 23. Rd4 Qe5 24. Bf4 Qb5 25. Qg6 Re7 26. Bxh6 Be5 27. Rh4 Kg8 28. Bxg7 Bxg7 29. Qh7+ Kf7 30. Nxg7 Qe5 31. Nf5+ 1-0

[Event "Oberliga Ost-B 1920"]
[White "Nguyen, Ha Thanh"]
[Black "Biel, Maik"]
[Site "Germany"]
[Round "1.8"]
[Result "1/2-1/2"]
[Date "2019.09.29"]
[WhiteElo "2019"]
[BlackElo "2085"]
[PlyCount "38"]
[EventDate "2019.09.29"]
[EventType "team-tourn"]
[EventRounds "11"]
[EventCountry "GER"]
[SourceTitle "EXT 2021"]
[Source "ChessBase"]
[SourceDate "2020.10.23"]
[SourceVersion "1"]
[SourceVersionDate "2020.10.23"]
[SourceQuality "1"]
[WhiteTeam "Erfurt Medizin"]
[BlackTeam "Liebschwitz"]
[WhiteTeamCountry "GER"]
[BlackTeamCountry "GER"]

1. e4 c5 2. Nf3 e6 3. d4 cxd4 4. Nxd4 Nf6 5. Nc3 d6 6. Be2 a6 7. Bg5 Be7 8. f4 Qc7 9. 0-0 h6 10. Bh4 Nxe4 11. Bxe7 Nxc3 12. Bxd6 Qxd6 13. bxc3 Qc5 14. Rf3 Nc6 15. Kh1 Bd7 16. Rd3 Nxd4 17. cxd4 Qf5 18. Qd2 Bb5 19. Re3 Rc8 1/2-1/2

[Event "BL 1920 (Women)"]
[White "Nguyen, Ha Thanh"]
[Black "Fuchs, Judith"]
[Site "Germany"]
[Round "2.2"]
[Result "0-1"]
[Date "2019.09.15"]
[WhiteElo "2016"]
[BlackElo "2218"]
[PlyCount "76"]
[EventDate "2019.09.14"]
[EventType "team-tourn"]
[EventRounds "11"]
[EventCountry "GER"]
[SourceTitle "EXT 2020"]
[Source "ChessBase"]
[SourceDate "2019.10.17"]
[SourceVersion "1"]
[SourceVersionDate "2019.10.17"]
[SourceQuality "1"]
[WhiteTeam "Erfurt Medizin (W)"]
[BlackTeam "Hamburger SK (W)"]
[WhiteTeamCountry "GER"]
[BlackTeamCountry "GER"]

1. e4 c5 2. Nf3 Nc6 3. d4 cxd4 4. Nxd4 Qb6 5. Nb3 Nf6 6. Nc3 e6 7. Bd3 Be7 8. Be3 Qc7 9. f4 d6 10. Qf3 a6 11. a4 0-0 12. 0-0 b6 13. g4 Bb7 14. Qh3 Nb4 15. g5 Nd7 16. Rac1 Nc5 17. Nxc5 bxc5 18. f5 exf5 19. exf5 Nxd3 20. cxd3 Qd7 21. Qg3 Rfe8 22. f6 Bf8 23. Bf4 Re6 24. h4 Rae8 25. Rc2 d5 26. b3 d4 27. Nd1 Qd5 28. Kf2 Qxb3 29. Rb2 Qd5 30. Qh3 Bc6 31. fxg7 Bxg7 32. Qg4 c4 33. dxc4 Qxc4 34. Rd2 d3 35. Kg3 Re2 36. Rf2 Re1 37. Kh3 Qd5 38. Rh2 Bd7 0-1

[Event "BL 1920 (Women)"]
[White "Antolak, Julia"]
[Black "Nguyen, Ha Thanh"]
[Site "Germany"]
[Round "1.2"]
[Result "1-0"]
[Date "2019.09.14"]
[WhiteElo "2257"]
[BlackElo "2016"]
[PlyCount "69"]
[EventDate "2019.09.14"]
[EventType "team-tourn"]
[EventRounds "11"]
[EventCountry "GER"]
[SourceTitle "EXT 2020"]
[Source "ChessBase"]
[SourceDate "2019.10.17"]
[SourceVersion "1"]
[SourceVersionDate "2019.10.17"]
[SourceQuality "1"]
[WhiteTeam "Harksheide (W)"]
[BlackTeam "Erfurt Medizin (W)"]
[WhiteTeamCountry "GER"]
[BlackTeamCountry "GER"]

1. e4 c5 2. Nf3 Nc6 3. Nc3 g6 4. d4 cxd4 5. Nxd4 Bg7 6. Be3 Nf6 7. Bc4 Qa5 8. 0-0 0-0 9. Bb3 d6 10. h3 Bd7 11. Re1 Rac8 12. Qd2 Rfe8 13. Rad1 Qa6 14. f4 Nxd4 15. Bxd4 Be6 16. Nd5 Nd7 17. Bxg7 Kxg7 18. Kh1 Nc5 19. Re3 Kg8 20. Qf2 Nxb3 21. axb3 Bxd5 22. exd5 Qb6 23. c4 Rc7 24. Rde1 Qd4 25. f5 f6 26. fxg6 hxg6 27. Qc2 Kf7 28. Rg3 Rg8 29. Qe2 Qh4 30. Re3 Re8 31. c5 dxc5 32. d6 Rd7 33. Re4 Qh7 34. Rxe7+ Rdxe7 35. Qxe7+ 1-0

[Event "GER-ch U18 Girls"]
[White "Nguyen, Ha Thanh"]
[Black "Reitz, Theresa"]
[Site "Willingen"]
[Round "9"]
[Result "1/2-1/2"]
[Date "2019.06.15"]
[WhiteElo "1940"]
[BlackElo "1976"]
[PlyCount "59"]
[EventDate "2019.06.08"]
[EventType "swiss"]
[EventRounds "9"]
[EventCountry "GER"]
[SourceTitle "CBM 191 Extra"]
[Source "ChessBase"]
[SourceDate "2019.09.30"]
[SourceVersion "1"]
[SourceVersionDate "2019.09.30"]
[SourceQuality "1"]

1. e4 c5 2. Nf3 e6 3. d4 cxd4 4. Nxd4 Bc5 5. Nb5 Qb6 6. Be3 Bxe3 7. fxe3 Nc6 8. N1c3 Qxe3+ 9. Be2 Kf8 10. Rf1 Nge7 11. Nd6 f6 12. Nc4 Qg5 13. Rf2 d5 14. exd5 exd5 15. Qd2 Qxd2+ 16. Nxd2 Kf7 17. 0-0-0 Rd8 18. Nf3 Kg8 19. Bb5 Be6 20. Re2 Bf7 21. Bxc6 Nxc6 22. Red2 Ne7 23. Kb1 Rac8 24. a3 Rd7 25. Nb5 a6 26. Nc3 Rcd8 27. Na4 Rc7 28. Re1 b5 29. Nc3 Nc8 30. Nd4 1/2-1/2

[Event "GER-ch U18 Girls"]
[White "Arnhold, Steffi"]
[Black "Nguyen, Ha Thanh"]
[Site "Willingen"]
[Round "6"]
[Result "1/2-1/2"]
[Date "2019.06.12"]
[WhiteElo "1996"]
[BlackElo "1940"]
[PlyCount "85"]
[EventDate "2019.06.08"]
[EventType "swiss"]
[EventRounds "9"]
[EventCountry "GER"]
[SourceTitle "CBM 191 Extra"]
[Source "ChessBase"]
[SourceDate "2019.09.30"]
[SourceVersion "1"]
[SourceVersionDate "2019.09.30"]
[SourceQuality "1"]

1. e4 c5 2. Nf3 Nc6 3. d4 cxd4 4. Nxd4 g6 5. c4 Bg7 6. Be3 Nf6 7. Nc3 0-0 8. Be2 d6 9. 0-0 Bd7 10. Qd2 Nxd4 11. Bxd4 Bc6 12. Bd3 a5 13. Rae1 e5 14. Be3 h5 15. f3 Qe7 16. Rd1 Kh7 17. Bc2 Rfd8 18. Ba4 Qe6 19. b3 Bf8 20. Bb6 Rdc8 21. Nb5 Bxb5 22. Bxb5 d5 23. Bxa5 dxe4 24. Bc3 e3 25. Qe2 Bc5 26. Kh1 Rd8 27. Qb2 Bd4 28. Rfe1 Qb6 29. Bxd4 exd4 30. Rd3 Ng8 31. a4 Nh6 32. b4 Nf5 33. c5 Qc7 34. Kg1 Qf4 35. a5 Ne7 36. Bc4 h4 37. Qe2 Nc6 38. Rb3 Ne5 39. Bd3 h3 40. Rf1 hxg2 41. Qxg2 Nxd3 42. Rxd3 Qe5 43. f4 1/2-1/2

[Event "GER-ch U18 Girls"]
[White "Moeller, Lisa Marie"]
[Black "Nguyen, Ha Thanh"]
[Site "Willingen"]
[Round "4"]
[Result "0-1"]
[Date "2019.06.11"]
[WhiteElo "1900"]
[BlackElo "1940"]
[PlyCount "80"]
[EventDate "2019.06.08"]
[EventType "swiss"]
[EventRounds "9"]
[EventCountry "GER"]
[SourceTitle "CBM 191 Extra"]
[Source "ChessBase"]
[SourceDate "2019.09.30"]
[SourceVersion "1"]
[SourceVersionDate "2019.09.30"]
[SourceQuality "1"]

1. e4 c5 2. Nf3 Nc6 3. Bb5 g6 4. Bxc6 dxc6 5. h3 Bg7 6. d3 b6 7. Nc3 e5 8. Be3 Ne7 9. Qd2 h6 10. Nh2 Be6 11. 0-0 g5 12. a4 Ng6 13. a5 0-0 14. axb6 axb6 15. Ra4 Rxa4 16. Nxa4 Qc7 17. b4 Ra8 18. Nb2 Ra2 19. Rb1 cxb4 20. Qxb4 c5 21. Qc3 Nf4 22. Kf1 Qa7 23. Nc4 b5 24. Nd6 b4 25. Qxc5 Qxc5 26. Bxc5 Rxc2 27. Bxb4 Nxd3 28. Be1 Kh7 29. Ng4 Kg6 30. Ne3 Rc6 31. Nef5 Bf8 32. Rd1 Bxd6 33. Rxd3 Bc4 34. Ke2 Ra6 35. Ne3 Ra2+ 36. Bd2 Ba6 37. Nd1 Bb4 38. Ke3 Bc5+ 39. Ke2 Ra3 40. Nc3 Bd4 0-1

[Event "GER-ch U18 Girls"]
[White "Nguyen, Ha Thanh"]
[Black "Schiewe, Nadine"]
[Site "Willingen"]
[Round "1"]
[Result "1-0"]
[Date "2019.06.09"]
[WhiteElo "1940"]
[BlackElo "1608"]
[PlyCount "35"]
[EventDate "2019.06.08"]
[EventType "swiss"]
[EventRounds "9"]
[EventCountry "GER"]
[SourceTitle "CBM 191 Extra"]
[Source "ChessBase"]
[SourceDate "2019.09.30"]
[SourceVersion "1"]
[SourceVersionDate "2019.09.30"]
[SourceQuality "1"]

1. e4 d6 2. d4 g6 3. Nf3 Nd7 4. Bc4 c6 5. 0-0 Qa5 6. Bb3 e5 7. Ng5 Nh6 8. Qf3 f6 9. Ne6 Nf7 10. Nxf8 Rxf8 11. c3 Qd8 12. Qe2 Nb6 13. f4 exd4 14. cxd4 Qe7 15. Nc3 f5 16. Re1 fxe4 17. Nxe4 Kd7 18. Nc5+ 1-0

[Event "BL2 Sued 1819 (Women)"]
[White "Siegl, Melina"]
[Black "Nguyen, Ha Thanh"]
[Site "Germany"]
[Round "5.2"]
[Result "1-0"]
[Date "2018.12.09"]
[WhiteElo "2005"]
[BlackElo "1898"]
[PlyCount "73"]
[EventDate "2018.10.27"]
[EventType "team-tourn"]
[EventRounds "7"]
[EventCountry "GER"]
[SourceTitle "CBM 190 Extra"]
[Source "ChessBase"]
[SourceDate "2019.07.15"]
[SourceVersion "1"]
[SourceVersionDate "2019.07.15"]
[SourceQuality "1"]
[WhiteTeam "Stuttgart Wolfbusch (W)"]
[BlackTeam "Erfurt Medizin (W)"]
[WhiteTeamCountry "GER"]
[BlackTeamCountry "GER"]

1. e4 c5 2. Nf3 g6 3. d3 Bg7 4. g3 Nc6 5. Bg2 d6 6. c3 Nf6 7. h3 0-0 8. Be3 Rb8 9. 0-0 b6 10. Qc1 Bb7 11. Bh6 Ne5 12. Ne1 Ba6 13. Bxg7 Kxg7 14. c4 Nc6 15. Nc2 b5 16. b3 bxc4 17. dxc4 Bb7 18. Nc3 Nd7 19. f4 e5 20. f5 a6 21. Nd5 f6 22. Qd1 Nd4 23. Nde3 Qe8 24. h4 Bc6 25. Qd2 Rf7 26. fxg6 hxg6 27. h5 Re7 28. Qf2 Qh8 29. hxg6 Kxg6 30. Nf5 Nxf5 31. exf5+ Kg7 32. Bxc6 Nf8 33. Kg2 Nh7 34. Rh1 Qc8 35. Bd5 Kf8 36. Rh6 Ke8 37. Rah1 1-0